000 00320nam a2200133Ia 4500
008 240624s9999 xx 000 0 und d
041 _aeng
082 _a823 NAR
100 _aNARAYAN R K
245 _aGUIDE
260 _c2007
_aChennai
_bIndian Thought Publications
300 _a247 : p. : cm. ; 22
365 _cRS
_b30
999 _c12738
_d12738